|
|
|
|
| LEADER |
00000nam0a2200000 4500 |
| 001 |
281536 |
| 005 |
20231101235418.0 |
| 020 |
|
|
|a RU
|b 86-83549
|
| 035 |
|
|
|a (RuTPU)RU\TPU\book\305321
|
| 090 |
|
|
|a 281536
|
| 100 |
|
|
|a 20150123d1986 k y0rusy5003 ca
|
| 101 |
0 |
|
|a rus
|
| 102 |
|
|
|a LT
|
| 105 |
|
|
|a y z 101zy
|
| 200 |
1 |
|
|a Использование вычислительных машин в химических исследованиях и спектроскопии молекул
|e тезисы докладов VII Всесоюзной конференции, 21-23 октябрь, 1986 г.
|f Академия наук СССР (АН СССР), Сибирское отделение (СО), Новосибирский институт органической химии ; Академия наук Латвийской ССР (АН ЛатССР), Институт органического синтеза (ИОС) ; под ред. А. Б. Розенблита
|
| 210 |
|
|
|a Рига
|c Изд-во ИОС
|d 1986
|
| 215 |
|
|
|a 332 с.
|
| 320 |
|
|
|a Библиогр. в конце докл.
|
| 320 |
|
|
|a Авт. указ.: с. 327-332
|
| 606 |
1 |
|
|a Вычислительная техника
|x Применение в химии
|2 stltpush
|3 (RuTPU)RU\TPU\subj\70585
|9 84804
|
| 610 |
1 |
|
|a химические исследования
|
| 610 |
1 |
|
|a ЭВМ
|
| 610 |
1 |
|
|a органический синтез
|
| 610 |
1 |
|
|a информационно-вычислительная техника
|
| 610 |
1 |
|
|a спектроскопия
|
| 610 |
1 |
|
|a органические соединения
|
| 610 |
1 |
|
|a тезисы докладов
|
| 675 |
|
|
|a 54:004(063)
|v 3
|
| 702 |
|
1 |
|a Розенблит
|b А. Б.
|g Анатолий Борисович
|4 340
|
| 712 |
0 |
2 |
|a Академия наук СССР (АН СССР)
|b Сибирское отделение (СО)
|b Новосибирский институт органической химии
|2 stltpush
|3 (RuTPU)RU\TPU\col\13404
|
| 712 |
0 |
2 |
|a Академия наук Латвийской ССР (АН ЛатССР)
|b Институт органического синтеза (ИОС)
|2 stltpush
|3 (RuTPU)RU\TPU\col\12433
|
| 712 |
1 |
2 |
|a Использование вычислительных машин в химических исследованиях и спектроскопии молекул
|c конференция
|d 7
|e Рига
|f 1986
|4 570
|
| 801 |
|
0 |
|a RU
|b RuMRKP
|c 19950704
|g psbo
|
| 801 |
|
1 |
|a RU
|b 63413507
|c 20150123
|
| 801 |
|
2 |
|a RU
|b 63413507
|c 20170614
|g RCR
|
| 942 |
|
|
|c BK
|